| 000 | 00611nam a2200229Ia 4500 | ||
|---|---|---|---|
| 008 | 170711s9999 xx 000 0 und d | ||
| 020 | _a9789710554126 | ||
| 050 | _a25 | ||
| 050 | _bD278 2011 | ||
| 100 | _aDe Jesus, Naomi A. | ||
| 245 | _aGuide to movie making and flash animation / | ||
| 245 | _cby Naomi A. De Jesus. | ||
| 260 | _aPhilippines : | ||
| 260 | _bIbook Publishing, | ||
| 260 | _c2011 | ||
| 300 | _a218 pages : | ||
| 300 | _billustrations ; | ||
| 500 | _aIncludes bibliographic reference. | ||
| 650 | _aComputer animation. | ||
| 650 | _aFlash (Computer file). | ||
| 700 | _aTitle. | ||
| 999 |
_c339583 _d339583 |
||